Carve yourself a niche (Record no. 67066)

MARC details
000 -LEADER
fixed length control field 01487cam a2200253 4500
001 - CONTROL NUMBER
control field ABS63986
008 - FIXED-LENGTH DATA ELEMENTS--GENERAL INFORMATION
fixed length control field 000000n2001 000 0 eng u
035 ## - SYSTEM CONTROL NUMBER
System control number (Sirsi) u112673
245 ## - TITLE STATEMENT
Title Carve yourself a niche
260 ## - PUBLICATION, DISTRIBUTION, ETC.
Date of publication, distribution, etc. 2001
490 ## - SERIES STATEMENT
Series statement Estates Gazette
Volume/sequential designation (0118) 5 May 2001, 164-165(20
520 ## - SUMMARY, ETC.
Summary, etc. A "mainly for students" article looking at the opportunities for property support staff to obtain property-related qualifications to further their career prospects and ultimately gain chartered surveyor status. Outlines the range of property qualifications available, with particular emphasis on NVQs and the ATC. Highlights the importance of obtaining the right type of property experience which should include property marketing, drafting simple licences and tenancy agreements, undertaking rent reviews and lease renewals, assisting with property inspection and valuations, managing service-charge arrangements, following up rent arrears, and making planning enquiries. Provides a list of NVQs available. For further information on NVQs from the RICS contact Rupert Allen on 020 7222 7000 ext. 696; for information on ATCs and APCs, contact customer services on 0870 333 1600.
590 ## - LOCAL NOTE (RLIN)
Local note ABS
650 ## - SUBJECT ADDED ENTRY--TOPICAL TERM
Topical term or geographic name entry element QUALIFICATIONS
650 ## - SUBJECT ADDED ENTRY--TOPICAL TERM
Topical term or geographic name entry element NVQS
650 ## - SUBJECT ADDED ENTRY--TOPICAL TERM
Topical term or geographic name entry element ATC
650 ## - SUBJECT ADDED ENTRY--TOPICAL TERM
Topical term or geographic name entry element PROPERTY INDUSTRY
650 ## - SUBJECT ADDED ENTRY--TOPICAL TERM
Topical term or geographic name entry element SURVEYING
650 ## - SUBJECT ADDED ENTRY--TOPICAL TERM
Topical term or geographic name entry element CAREERS, EDUCATION AND TRAINING
650 ## - SUBJECT ADDED ENTRY--TOPICAL TERM
Topical term or geographic name entry element SUPPORT STAFF
650 ## - SUBJECT ADDED ENTRY--TOPICAL TERM
Topical term or geographic name entry element RICS
690 ## - LOCAL SUBJECT ADDED ENTRY--TOPICAL TERM (OCLC, RLIN)
Topical term or geographic name as entry element EDUCATION-CAREERS
942 ## - ADDED ENTRY ELEMENTS (KOHA)
Suppress in OPAC 0
Holdings
Withdrawn status Lost status Source of classification or shelving scheme Damaged status Not for loan Home library Current library Shelving location Date acquired Total Checkouts Full call number Barcode Date last seen Copy number Price effective from Koha item type
    Dewey Decimal Classification     London London Journal article 21/05/2001   ABS63986 112673-1001 06/08/2019 1 06/08/2019 Journal article